Catálogo
 En Linea

Estampas de ayer / (Registro nro. 32176)

Detalles MARC
000 -CABECERA
campo de control de longitud fija 00440nam a2200157 a 4500
003 - IDENTIFICADOR DEL NÚMERO DE CONTROL
campo de control DO-SdBNP
005 - FECHA Y HORA DE LA ÚLTIMA TRANSACCIÓN
campo de control 20220802090849.0
007 - CAMPO FIJO DE DESCRIPCIÓN FÍSICA--INFORMACIÓN GENERAL
campo de control de longitud fija ta
008 - DATOS DE LONGITUD FIJA--INFORMACIÓN GENERAL
campo de control de longitud fija 110725s1950 dr c 000 spa d
040 ## - FUENTE DE LA CATALOGACIÓN
Centro catalogador/agencia de origen DO-SdBNP
Lengua de catalogación spa
Centro/agencia transcriptor BNPHU
082 ## - NÚMERO DE LA CLASIFICACIÓN DECIMAL DEWEY
Número de clasificación xxxx
Número de documento/Ítem L473e
100 ## - ENTRADA PRINCIPAL--NOMBRE DE PERSONA
Nombre de persona Ledesma Sosa, R. A.
9 (RLIN) 82138
245 10 - MENCIÓN DE TÍTULO
Título Estampas de ayer /
Mención de responsabilidad, etc. R. A. Ledesma Sosa
260 ## - PUBLICACIÓN, DISTRIBUCIÓN, ETC.
Lugar de publicación, distribución, etc. Ciudad Trujillo, República Dominicana,
Nombre del editor, distribuidor, etc. Publicidad Luz
Fecha de publicación, distribución, etc. 1950.
942 ## - ELEMENTOS DE PUNTO DE ACCESO ADICIONAL (KOHA)
Fuente del sistema de clasificación o colocación Dewey Decimal Classification
Tipo de ítem Koha Folleto

No hay ítems disponibles.

Con tecnología Koha